00852na a2200205 450000100060000000300080000600500170001400800410003103500100007204000250008204100080010708200200011524501530013526000220028830000310031065000540034165000570039565000720045271001220052417677MIRAKIL20181213155229.0161101b tu 000 0  a17677 aMilasbturcTR-AnCHP atur a332.4bM24 2005 aMali piyasalarda gelişmelercYıllık Programlar ve Konjonktür Değerlendirme Genel Müdürlüğü Mali Piyasalar Dairesi Başkanlığı aAnkarabDPTc2005 aiv, 34, 4 s.btbl.c27 sm. aMaliye politikasıxSüreli yayınlarzTürkiye aFinansal kuruluşlarxSüreli yayınlarzTürkiye aFinans ekonomisixPara politikalarıySüreli yayınlarzTürkiye aYıllık Programlar ve Konjonktür Değerlendirme Genel Müdürlüğü Mali Piyasalar Dairesi Başkanlığı